000 00354 a2200133 4500
001 90364
082 _aPR 886
090 _c42683
_d42683
100 _aRizwan Pasha; Ejaz Yaqoob, advisor
245 _aFabrication of wing for CAE man powered aircraft
_nG-21
260 _aKarachi
_bNED University
_c1985
300 _a96 p.
500 _aBE Project Reports
942 _aCAE NUST
_kPR 886
999 _c325437
_d325437